000 00470nam a2200169Ia 4500
999 _c12829
_d12829
003 OSt
005 20201027103021.0
008 190216s9999||||xx |||||||||||||| ||und||
040 _coclc
082 _a823.914
_bGOR/D
100 _aGordon, Richard
_95723
245 0 _aDoctor And Son /
_cRichard Gordon
260 _bPenguin Books ,
_c1959.
_aLondon:
300 _a154p
650 _aSpeeches
942 _cBK
_2ddc
_h823.914
_iGOR/D
_k823.914
_mGOR/D